000 00473ntaaa2200193 4500
003 01
005 20251027203122.0
008 0714s1973 ag 01
040 _aAR-BaBN
_bspa
_cAR-BaBN
_eaacr
_dRIC
082 _a265.3000 R57
100 _aRobleto, Adolfo
245 _aLa cena del Señor
250 _a1 ed.
260 _aEl Paso :
_bCasa Bautista de Publicaciones,
_cs.f.
300 _as.n.
650 _aAutor
_923984
650 _aCena del Señor
_9286
942 _cBK
999 _c26656
_d26656